Những mô hình phát triển kinh tế hải đảo Việt Nam

Guardado en:
Detalles Bibliográficos
Autor principal: Phạm, Hoàng Hải
Formato: Libro
Lenguaje:Vietnamese
Publicado: Khoa học tự nhiên và Công nghệ 2011
Etiquetas: Agregar Etiqueta
Sin Etiquetas, Sea el primero en etiquetar este registro!
Thư viện lưu trữ: Mạng thư viện Đại học Đà Nẵng
LEADER 00686nam a2200253 4500
001 000021866
003 18314
005 20150423150404.0
008 150423s2011 viesd
020 |c 00 
041 0 |a vie 
082 1 4 |a 551,42597  |b PH-H 
100 1 |a Phạm, Hoàng Hải 
245 1 0 |a Những mô hình phát triển kinh tế hải đảo Việt Nam  |c Phạm Hoàng Hải 
260 |b Khoa học tự nhiên và Công nghệ  |c 2011 
300 |a tr.  |c cm. 
OWN |a LSP 
999 |a From the UDN01 
TYP |a Monograph 
TYP |a Printed language 
980 |a Mạng thư viện Đại học Đà Nẵng